[Event "Druzynowe Mistrzostw Polski Juniorow - II Liga"]
[Site "Wroclaw"]
[Date "1899-12-30"]
[Round "7.99"]
[White "Kubik, Bartosz"]
[Black "Myszkowski, Jan"]
[Result "1-0"]
[WhiteTitle "II"]
[BlackTitle "II"]
[WhiteElo "1224"]
[BlackElo "1076"]

1. e4 c6 2. d4 d5 3. exd5 cxd5 4. Nf3 Bg4 5. c3 e6 6. Bd3 Nf6 7. O-O Nc6 8. Bf4
Ne4 9. Re1 f5 10. Qc1 Be7 11. Ne5 Nxe5 12. Bxe5 Bh5 13. Bxg7 Bg5 14. f4 Bh4 15.
Bxh8 Bf2+ 16. Kf1 Qh4 17. Bxe4 fxe4 18. Bf6 Qxf6 19. Kxf2 Kd7 20. g3 Bf3 21. Nd2
Bg4 22. Nxe4 dxe4 23. Rxe4 Qh6 24. Qh1 Bf5 25. Re5 Rb8 26. d5 b5 27. dxe6+ Bxe6
28. Rd1+ Ke7 29. Rxe6+ Kxe6 30. Qc6+ 1-0

[Event "Druzynowe Mistrzostw Polski Juniorow - II Liga"]
[Site "Wroclaw"]
[Date "1899-12-30"]
[Round "7.100"]
[White "Ford, Nikodem"]
[Black "Pawleta, Mateusz"]
[Result "0-1"]
[WhiteTitle "III"]
[BlackTitle "II"]
[WhiteElo "1100"]
[BlackElo "1168"]

1. e4 c5 2. Nf3 Nc6 3. c3 d5 4. Bd3 Bg4 5. Bc2 Nf6 6. exd5 Qxd5 7. O-O Ne5 8. Ba4+
Kd8 9. c4 Nxf3+ 10. gxf3 Qxf3 11. Qxf3 Bxf3 12. Nc3 e6 13. Re1 g6 14. Re3 Bh5
15. Bb3 Kc7 16. d3 Bd6 17. Re1 h6 18. Bd1 Bxd1 19. Rxd1 Rad8 20. Be3 Ng4 21. h3
Ne5 22. Ne4 Nf3+ 23. Kg2 Nh4+ 24. Kf1 b6 25. Nxd6 Kxd6 26. d4 Kc6 27. dxc5 bxc5
28. Ke2 Nf5 29. Bf4 Nd4+ 30. Kf1 Rhe8 31. Bg3 f5 32. Be5 g5 33. Kg2 h5 34. b3
Rg8 35. Rab1 a5 36. a3 Nc2 37. a4 Nd4 38. Bxd4 Rxd4 39. Rxd4 cxd4 40. Rd1 Kc5
0-1

[Event "Druzynowe Mistrzostw Polski Juniorow - II Liga"]
[Site "Wroclaw"]
[Date "1899-12-30"]
[Round "7.101"]
[White "Seemann, Lena"]
[Black "Biniak, Zuzanna"]
[Result "0-1"]
[WhiteTitle "II"]
[BlackTitle "I"]
[WhiteElo "1081"]
[BlackElo "1433"]

1. e4 c5 2. Nf3 d6 3. c3 Nf6 4. Qc2 g6 5. d4 cxd4 6. cxd4 Bg7 7. Be3 O-O 8. Be2
Nbd7 9. O-O Nb6 10. Nc3 Bd7 11. Qb3 Ng4 12. Rac1 Nxe3 13. fxe3 Bh6 14. Nd5 Nxd5
15. exd5 Rc8 16. Bc4 b5 17. Be2 Qb6 18. Nd2 Qa5 19. Ne4 b4 20. Bc4 Ba4 21. Qd3
Rxc4 22. Rxc4 Bb5 23. Qb3 Bxc4 24. Qxc4 Bxe3+ 25. Kh1 Qb6 26. Rd1 Qb7 27. Qb3
Bh6 28. a3 Rb8 29. axb4 Qxb4 30. Qh3 Qb3 31. Qxb3 Rxb3 32. Rb1 Be3 33. Rd1 Rxb2
34. g3 Rb4 35. Re1 Bxd4 36. Ng5 Bf6 37. Ne4 Bg7 38. Ng5 Bf8 39. Ra1 Rb7 40. Nf3
Bg7 41. Rc1 Bf6 42. g4 h6 43. h4 g5 44. hxg5 Bxg5 45. Nxg5 hxg5 46. Kg2 Kg7 47.
Kf3 Kf6 48. Rc8 Rb5 49. Ke4 Rb4+ 50. Kf3 a5 51. Ra8 a4 52. Ke3 Rxg4 53. Kd3 Rg3+
54. Kc2 a3 55. Kb1 Ke5 56. Re8 e6 57. dxe6 fxe6 58. Ka2 d5 59. Rb8 d4 60. Rb7
Ke4 61. Re7 e5 62. Rd7 g4 63. Rg7 d3 64. Rd7 Rg2+ 65. Kxa3 d2 66. Kb3 Ke3 67.
Kc3 e4 68. Rd6 g3 69. Rd7 Rf2 70. Kc2 g2 71. Rg7 Ke2 72. Rd7 g1=Q 73. Rxd2+ Kf3
74. Rxf2+ Qxf2+ 0-1

[Event "Druzynowe Mistrzostw Polski Juniorow - II Liga"]
[Site "Wroclaw"]
[Date "1899-12-30"]
[Round "8.1"]
[White "Malinowski, Szymon"]
[Black "Dziendziel, Mateusz"]
[Result "0-1"]
[WhiteTitle "I"]
[BlackTitle "I"]
[WhiteElo "1824"]
[BlackElo "1884"]

1. d4 d5 2. Bf4 c5 3. e3 Nc6 4. c3 Bf5 5. Bd3 Bxd3 6. Qxd3 e6 7. Nd2 Nf6 8. Ngf3
Be7 9. O-O O-O 10. Ne5 Nh5 11. Ndf3 Na5 12. dxc5 f6 13. Ng4 e5 14. Qf5 exf4 15.
Qxh5 f5 16. Nge5 fxe3 17. fxe3 Bxc5 18. Nd4 Qe8 19. Rxf5 Qxh5 20. Rxh5 g6 21.
Rg5 Be7 22. Rg4 Bf6 23. Nd7 Rf7 24. Nxf6+ Rxf6 25. Rf4 Raf8 26. Rxf6 Rxf6 27.
b3 b6 28. Rd1 Nc6 29. Ne2 Rf5 30. Nf4 Ne7 31. g4 Re5 32. Kf2 Kf7 33. h4 h6 34.
Ke2 Re4 35. Rf1 Kg7 36. Kd3 Re5 37. h5 g5 38. Ne2 Re4 39. Rg1 Nc6 40. Ng3 Ne5+
41. Ke2 Rxg4 42. Nf5+ Kf6 43. Rf1 Rg2+ 44. Kd1 Rxa2 45. Nxh6+ Ke6 46. Rf5 Ra1+
47. Kd2 Rh1 48. Rf8 Rxh5 49. Re8+ Kf6 50. Ng8+ Kf5 51. Ne7+ Ke4 52. Ng8 Kf5 53.
Ne7+ Ke6 54. Ng6+ Kf7 55. Rxe5 Kxg6 56. Rxd5 g4 57. Rd7 Rh7 58. Rd5 Rh2+ 59. Kd3
g3 60. Rd8 Kf7 61. Rd7+ Kf6 0-1

[Event "Druzynowe Mistrzostw Polski Juniorow - II Liga"]
[Site "Wroclaw"]
[Date "1899-12-30"]
[Round "8.2"]
[White "Herwy, Jakub"]
[Black "Trzebinski, Patryk"]
[Result "1-0"]
[WhiteTitle "I++"]
[BlackTitle "I++"]
[WhiteElo "1905"]
[BlackElo "1782"]

1. e4 c5 2. f4 g6 3. Nf3 Bg7 4. Be2 Nc6 5. O-O e6 6. c3 Nge7 7. Na3 O-O 8. d4 cxd4
9. cxd4 d5 10. e5 a6 11. Be3 b5 12. g4 Qb6 13. Nc2 a5 14. b3 b4 15. Nce1 Ba6 16.
Bxa6 Rxa6 17. Nd3 Ra7 18. Nc5 Rc7 19. Ne1 Na7 20. Ned3 Nb5 21. Na4 Qa7 22. Ndc5
Nc8 23. Qd3 Na3 24. Kh1 Nb6 25. f5 Nxa4 26. bxa4 exf5 27. gxf5 Re8 28. Rae1 Nc4
29. e6 Nxe3 30. Rxe3 fxe6 31. fxg6 e5 32. gxh7+ Kh8 33. Qg6 Rce7 34. Ref3 exd4
35. Rf8+ Rxf8 36. Rxf8+ Bxf8 37. Qg8# 1-0

[Event "Druzynowe Mistrzostw Polski Juniorow - II Liga"]
[Site "Wroclaw"]
[Date "1899-12-30"]
[Round "8.3"]
[White "Wons, Krystian"]
[Black "Lecki, Leonard"]
[Result "0-1"]
[WhiteTitle "II"]
[BlackTitle "I"]
[WhiteElo "1138"]
[BlackElo "1612"]

1. e4 c5 2. b4 cxb4 3. a3 e5 4. axb4 Bxb4 5. c3 Bd6 6. d4 Ne7 7. Na3 O-O 8. Nb5
Bc7 9. Nf3 d5 10. exd5 Nxd5 11. c4 e4 12. Nd2 Ne3 13. fxe3 Qh4+ 14. g3 Bxg3+ 15.
hxg3 Qxg3+ 16. Ke2 Bg4+ 17. Nf3 Bxf3+ 18. Kd2 Bxd1 0-1

[Event "Druzynowe Mistrzostw Polski Juniorow - II Liga"]
[Site "Wroclaw"]
[Date "1899-12-30"]
[Round "8.4"]
[White "Radzimski, Antoni"]
[Black "Zalewski, Witold"]
[Result "1-0"]
[WhiteTitle "I"]
[BlackTitle "II"]
[WhiteElo "1627"]
[BlackElo "1231"]

1. e4 c5 2. Nf3 Nc6 3. d4 cxd4 4. Nxd4 g6 5. Nc3 Bg7 6. Be3 Nf6 7. Bc4 O-O 8. Bb3
d6 9. f3 Bd7 10. Qd2 Nxd4 11. Bxd4 Bc6 12. O-O-O Qc7 13. Kb1 Nd7 14. Bxg7 Kxg7
15. Qd4+ Kg8 16. h4 Nc5 17. h5 Nxb3 18. cxb3 f6 19. Qc4+ Kg7 20. Nd5 Qd7 21. Nf4
Bb5 22. Ne6+ Kh8 23. hxg6 Rf7 24. Qd5 Bc6 25. Qf5 Rc8 26. gxf7 Qxe6 27. Rxh7#
1-0

[Event "Druzynowe Mistrzostw Polski Juniorow - II Liga"]
[Site "Wroclaw"]
[Date "1899-12-30"]
[Round "8.5"]
[White "Skolska, Emilia"]
[Black "Obrochta, Lena"]
[Result "0-1"]
[WhiteTitle "I++"]
[BlackTitle "I++"]
[WhiteElo "1517"]
[BlackElo "1690"]

1. e4 c5 2. Nc3 Nc6 3. f4 g6 4. Nf3 Bg7 5. Bb5 Nd4 6. O-O e6 7. e5 a6 8. Bd3 Nxf3+
9. Qxf3 d5 10. exd6 Qxd6 11. Ne4 Qc7 12. g4 Bd7 13. Ng3 O-O-O 14. c3 Ne7 15. b3
f5 16. h3 e5 17. gxf5 gxf5 18. fxe5 Bxe5 19. Nxf5 Rhg8+ 20. Kf2 Nxf5 21. Bxf5
Rdf8 0-1

[Event "Druzynowe Mistrzostw Polski Juniorow - II Liga"]
[Site "Wroclaw"]
[Date "1899-12-30"]
[Round "8.6"]
[White "Salamon, Julia"]
[Black "Kaczmarek, Paulina"]
[Result "0-1"]
[WhiteTitle "I++"]
[BlackTitle "I"]
[WhiteElo "1465"]
[BlackElo "1092"]

1. d4 Nf6 2. c4 g6 3. Nc3 Bg7 4. e4 d6 5. Nf3 Nbd7 6. Be2 e5 7. dxe5 dxe5 8. O-O
O-O 9. Qc2 c6 10. Rd1 Qe7 11. Be3 Re8 12. Rd2 Nh5 13. Rad1 Ndf6 14. Bg5 h6 15.
Bxf6 Qxf6 16. Rd6 Be6 17. Nd5 cxd5 18. cxd5 Bf8 19. dxe6 Bxd6 20. Rxd6 Rxe6 21.
Rd7 Re7 22. Rd1 Nf4 23. Bf1 Qe6 24. Qa4 Rc8 25. Qxa7 Rec7 26. Qe3 Qg4 27. Rb1
f6 28. Ne1 Kg7 29. h3 Qd7 30. Nd3 Nxd3 31. Bxd3 Qd4 32. Qe2 Rc1+ 33. Rxc1 Rxc1+
34. Kh2 Rc7 35. b3 Rd7 36. Bb5 Qd2 37. Qc4 Qf4+ 0-1

[Event "Druzynowe Mistrzostw Polski Juniorow - II Liga"]
[Site "Wroclaw"]
[Date "1899-12-30"]
[Round "8.7"]
[White "Kaliszuk, Kamil"]
[Black "Grzesik, Gracjan"]
[Result "0-1"]
[WhiteTitle "k"]
[BlackTitle "k"]
[WhiteElo "2088"]
[BlackElo "2218"]

1. e4 c5 2. Nf3 d6 3. Bb5+ Bd7 4. Bxd7+ Qxd7 5. O-O Nc6 6. c3 Nf6 7. Re1 e6 8.
d4 cxd4 9. cxd4 d5 10. e5 Ne4 11. a3 Be7 12. Nbd2 Nxd2 13. Bxd2 O-O 14. Rc1 Rfc8
15. Rc3 a6 16. Rd3 h6 17. h4 Bf8 18. Nh2 Ne7 19. Ng4 Kh8 20. h5 Qb5 21. Bc3 Rc7
22. Rf3 Ng8 23. Nh2 Rac8 24. Qd2 Qa4 25. g4 b5 26. g5 a5 27. Qf4 b4 28. axb4 axb4
29. Bd2 Qc2 30. b3 hxg5 31. Qxg5 f6 32. Qe3 f5 33. Rg3 Nh6 34. Rg6 Rc6 35. Nf1
Ng4 36. Qg3 Rc3 37. Qf4 Qxb3 38. Bxc3 bxc3 39. f3 Nh6 40. Qe3 Qb2 41. Rg2 c2 42.
Rc1 Ba3 43. Qg5 Ng4 44. Rcxc2 Rxc2 45. Rxc2 Qxc2 46. fxg4 Qe4 47. Qg6 Qxd4+ 48.
Kh1 Qxg4 49. Qe8+ Kh7 50. Ne3 Qh3+ 0-1

[Event "Druzynowe Mistrzostw Polski Juniorow - II Liga"]
[Site "Wroclaw"]
[Date "1899-12-30"]
[Round "8.8"]
[White "Bochniak, Franciszek"]
[Black "Malek, Szymon"]
[Result "1-0"]
[WhiteTitle "I+"]
[BlackTitle "II+"]
[WhiteElo "1664"]
[BlackElo "1543"]

1. d4 Nf6 2. Bg5 d5 3. Bxf6 exf6 4. e3 Bf5 5. Nd2 Nd7 6. g3 c5 7. Bg2 cxd4 8. exd4
Nb6 9. Ne2 Bd6 10. O-O O-O 11. a4 a5 12. Re1 Re8 13. Nf1 Qd7 14. Ne3 Be4 15. Bxe4
Rxe4 16. Nc3 Re6 17. Ncxd5 Nxd5 18. Nxd5 Bxg3 19. Nxf6+ Rxf6 20. hxg3 Qd5 21.
Qe2 h5 22. Qe4 Qd7 23. Qh4 Qc6 24. c3 Qf3 25. Qh2 Rd8 26. Re3 Qc6 27. Qxh5 Rd5
28. Re5 Rxe5 29. Qxe5 Qf3 30. Qe8+ Kh7 31. Qe3 Qd5 32. Re1 g6 33. Qe4 Qb3 34.
Kg2 Qxb2 35. Rh1+ Kg7 36. Qe3 Rf5 37. g4 Rd5 38. Qe8 Kf6 39. Rh7 Qa3 40. Qxf7+
1-0

[Event "Druzynowe Mistrzostw Polski Juniorow - II Liga"]
[Site "Wroclaw"]
[Date "1899-12-30"]
[Round "8.9"]
[White "Wandor, Adam"]
[Black "Merecki, Antoni"]
[Result "0-1"]
[WhiteTitle "II"]
[BlackTitle "II"]
[WhiteElo "1571"]
[BlackElo "1543"]

1. e4 e6 2. d4 d5 3. Nd2 Nc6 4. Ngf3 Nf6 5. e5 Nd7 6. Bb5 a6 7. Ba4 b5 8. Bb3 Nxd4
9. Nxd4 c5 10. N4f3 c4 11. O-O cxb3 12. Nxb3 Qc7 13. Re1 Bb7 14. Bf4 Rc8 15. c3
Nb6 16. a3 Nc4 17. Rb1 a5 18. Nbd4 Ba6 19. Qb3 Qb8 20. Nd2 Nxd2 21. Bxd2 Bc5 22.
Rbc1 Qb6 23. Be3 O-O 24. Qd1 b4 25. axb4 axb4 26. Qg4 Kh8 27. Qh4 bxc3 28. bxc3
Bd3 29. Bd2 Bg6 30. Qf4 Ba3 31. Rcd1 Rc4 32. Qe3 Bc5 33. Bc1 Ra8 34. Rd2 Qa5 35.
Bb2 Rb8 36. f4 h5 37. h3 Rb3 38. Qf2 Rxb2 39. Rxb2 Qxc3 40. Rb8+ Kh7 41. Kh2 Qxd4
42. Qxd4 Bxd4 43. Rf1 Be4 0-1

[Event "Druzynowe Mistrzostw Polski Juniorow - II Liga"]
[Site "Wroclaw"]
[Date "1899-12-30"]
[Round "8.10"]
[White "Lonski, Aleksander"]
[Black "Osinski, Maksymilian"]
[Result "1-0"]
[WhiteTitle "II"]
[BlackTitle "II"]
[WhiteElo "1517"]
[BlackElo "1329"]

1. e4 e6 2. d4 d5 3. Bd3 dxe4 4. Bxe4 Nf6 5. Bf3 c5 6. Be3 Be7 7. Ne2 O-O 8. O-O
Qa5 9. c3 Nc6 10. dxc5 Ne5 11. Nf4 Rd8 12. Qe2 Nxf3+ 13. Qxf3 e5 14. Nh5 Nxh5
15. Qxh5 Bf6 16. Nd2 g6 17. Qf3 Bg7 18. Nc4 Qc7 19. Rfd1 Be6 20. Nd6 Rab8 21.
b4 a6 22. Bg5 Rd7 23. Bf6 Bg4 24. Qxg4 Bxf6 25. Ne4 Rxd1+ 26. Rxd1 Bg7 27. Qd7
Rc8 28. Qxc7 Rxc7 29. Rd8+ Bf8 30. Nf6+ Kh8 31. Nd7 Rxd7 32. Rxd7 1-0

[Event "Druzynowe Mistrzostw Polski Juniorow - II Liga"]
[Site "Wroclaw"]
[Date "1899-12-30"]
[Round "8.11"]
[White "Egeman, Emilia"]
[Black "Grzesik, Nikola"]
[Result "1-0"]
[WhiteTitle "I++"]
[BlackTitle "I"]
[WhiteElo "1852"]
[BlackElo "1452"]

1. e4 c5 2. Nf3 d6 3. d4 cxd4 4. Nxd4 Nf6 5. Nc3 Nc6 6. Be3 e5 7. Nb3 Be6 8. f3
Be7 9. Qd2 a6 10. O-O-O Qc7 11. Kb1 O-O 12. g4 Rfb8 13. g5 Nd7 14. h4 b5 15. Nd5
Bxd5 16. exd5 Na7 17. h5 Nf8 18. Bd3 g6 19. hxg6 fxg6 20. f4 exf4 21. Bxf4 Kf7
22. Nd4 Kg8 23. Qh2 Bd8 24. Bxd6 Qg7 25. Bxb8 Bb6 26. Be5 Qb7 27. Ne6 Re8 28.
Nxf8 Kxf8 29. Rdf1+ Kg8 30. Bxg6 1-0

[Event "Druzynowe Mistrzostw Polski Juniorow - II Liga"]
[Site "Wroclaw"]
[Date "1899-12-30"]
[Round "8.12"]
[White "Sliwicka, Weronika"]
[Black "Kaminska, Zuzanna"]
[Result "1-0"]
[WhiteTitle "I"]
[BlackTitle "I"]
[WhiteElo "1281"]
[BlackElo "1201"]

1. e4 e5 2. Nf3 Nc6 3. Nc3 Nf6 4. d4 Bb4 5. Bg5 exd4 6. Nxd4 h6 7. Nxc6 bxc6 8.
Bd2 Qe7 9. Qe2 d6 10. Qc4 Bc5 11. Be3 Bxe3 12. Qxc6+ Qd7 13. Qxa8 c6 14. fxe3
Qc7 15. Nb5 cxb5 16. Bxb5+ Ke7 17. O-O-O Rd8 18. Qc6 Qb8 19. e5 Ne8 20. Rhf1 f6
21. exf6+ Nxf6 22. Ba6 Bd7 23. Qb7 Qxb7 24. Bxb7 Rb8 25. Bf3 Rc8 26. Rd4 Rb8 27.
Rfd1 Rb6 28. R1d3 a5 29. Ra3 Ra6 30. b4 a4 31. Be2 Rb6 32. b5 Rb7 33. Raxa4 Rc7
34. b6 Rb7 35. Rab4 Bc6 36. a4 Nd5 37. Rb3 Nxb6 38. Rdb4 Bxg2 39. Rxb6 Rxb6 40.
Rxb6 Kd7 41. a5 Kc7 42. Rb4 Ba8 43. a6 Kc8 44. a7 Bb7 45. Ba6 Bxa6 46. a8=Q+ 1-0

[Event "Druzynowe Mistrzostw Polski Juniorow - II Liga"]
[Site "Wroclaw"]
[Date "1899-12-30"]
[Round "8.13"]
[White "Haliniak, Wojciech"]
[Black "Kolodziejski, Piotr"]
[Result "1-0"]
[WhiteTitle "I"]
[BlackTitle "k"]
[WhiteElo "1827"]
[BlackElo "2107"]

1. e4 c5 2. Nf3 d6 3. d4 cxd4 4. Nxd4 Nf6 5. f3 e5 6. Bb5+ Bd7 7. Bxd7+ Qxd7 8.
Nf5 h6 9. c4 Qc6 10. b3 g6 11. Ne3 Nbd7 12. Nc3 Be7 13. Ba3 a6 14. Rc1 Nb6 15.
O-O O-O 16. Qd2 Kg7 17. g3 Nc8 18. Bb2 Bd8 19. Ncd5 Nxd5 20. cxd5 Qd7 21. Kg2
Nb6 22. h4 Rc8 23. Rcd1 Qe8 24. f4 Nd7 25. Nc4 Qe7 26. Ba3 exf4 27. Rxf4 Bc7 28.
e5 Rfe8 29. exd6 Qe2+ 30. Qxe2 Rxe2+ 31. Kf1 Rxa2 32. dxc7 b5 33. Nd6 Rxc7 34.
Rxf7+ Kg8 35. Re1 1-0

[Event "Druzynowe Mistrzostw Polski Juniorow - II Liga"]
[Site "Wroclaw"]
[Date "1899-12-30"]
[Round "8.14"]
[White "Kejna, Piotr"]
[Black "Smetek, Michal"]
[Result "0-1"]
[WhiteTitle "CM"]
[BlackTitle "I+"]
[WhiteElo "1970"]
[BlackElo "1735"]

1. e4 c6 2. d4 d5 3. Nc3 dxe4 4. Nxe4 Nf6 5. Nxf6+ exf6 6. c3 Bd6 7. Bd3 O-O 8.
Qc2 Re8+ 9. Ne2 h5 10. O-O h4 11. Nf4 Nd7 12. Qd1 g6 13. Bc4 Nf8 14. Qb3 Qc7 15.
g3 b5 16. Bd3 Ne6 17. Ng2 h3 18. Ne3 Bb7 19. Qd1 c5 20. d5 c4 21. Bc2 Nf8 22.
Qg4 Bc8 23. Qh4 Nh7 24. Ng4 f5 25. Nh6+ Kg7 26. Be3 Be5 27. Rae1 Qd8 28. Nxf5+
Bxf5 29. Bh6+ Kg8 30. Rxe5 Rxe5 31. Qd4 Qf6 32. Bxf5 Rxf5 33. Qe3 g5 34. d6 Qe5
35. Qd2 Qd5 0-1

[Event "Druzynowe Mistrzostw Polski Juniorow - II Liga"]
[Site "Wroclaw"]
[Date "1899-12-30"]
[Round "8.15"]
[White "Leszczewicz, Karol"]
[Black "Komendecki, Antoni"]
[Result "1/2-1/2"]
[WhiteTitle "I+"]
[BlackTitle "I++"]
[WhiteElo "1519"]
[BlackElo "1880"]

1. d4 Nf6 2. c4 e6 3. Nc3 Bb4 4. Qc2 c5 5. dxc5 Bxc5 6. Nf3 O-O 7. Bg5 h6 8. Bh4
b6 9. e3 Bb7 10. Be2 Be7 11. O-O d5 12. cxd5 Nxd5 13. Nxd5 Bxd5 14. Bxe7 Qxe7
15. Nd4 Nd7 16. Bf3 Rac8 17. Qd2 Nf6 18. Bxd5 Nxd5 19. Rac1 Qb4 20. Qxb4 Nxb4
21. a3 Nd3 22. Rb1 e5 23. Nf5 Rc2 24. b3 Kh7 25. e4 Rfc8 26. Nd6 R8c6 27. Nc4
b5 28. Na5 R6c3 29. Nb7 Re2 30. Nd6 Rcc2 31. Nxb5 Nxf2 32. Rfc1 Rxc1+ 33. Rxc1
Nxe4 34. Nxa7 Re3 35. Nc6 Rxb3 36. Nxe5 Rxa3 37. Nxf7 Ra5 38. Nd8 Ra6 39. Nc6
Nd6 40. Nd4 Ra4 41. Nc6 Nf5 42. Ne5 Ra2 43. Ng4 Nd4 44. Re1 Ne2+ 45. Kf1 Nf4 46.
Nf2 Kg6 47. g3 Nd5 48. Kg1 Nf6 49. Rb1 Ra5 50. Kg2 Kf5 51. Rb2 g5 52. Rc2 h5 53.
Rb2 Nd7 54. Nd3 Rd5 55. Nf2 Ne5 56. Rc2 Ra5 57. Nd1 Ra3 58. Rf2+ Ke4 59. Re2+
Kf5 60. Rf2+ Kg6 61. Re2 Nc4 62. Re6+ Kf5 63. Re2 g4 64. Rc2 Ne5 65. Rf2+ Nf3
66. Re2 Ra1 67. Ne3+ Kg5 68. Nf1 Ne1+ 69. Kf2 Nd3+ 70. Kg2 h4 71. gxh4+ Kxh4 72.
Re8 Nf4+ 73. Kg1 Nh3+ 74. Kg2 Ra2+ 75. Kh1 Nf2+ 76. Kg1 Nh3+ 77. Kh1 Kg5 78. Rg8+
Kf4 79. Rf8+ Ke4 80. Re8+ Kf3 81. Rf8+ Nf4 82. Kg1 Rg2+ 83. Kh1 Re2 84. Kg1 Ra2
85. Kh1 Ra1 86. Kg1 Rd1 87. Rf7 Rd8 88. Kh1 Rd6 89. Kg1 Rd4 90. Rf8 Rd1 91. Rf7
Rc1 92. Rf8 Ke4 93. Re8+ Kf5 94. Rf8+ Kg5 95. Rg8+ Ng6 96. Ra8 Ne5 97. Rg8+ Kf6
98. Rf8+ Ke7 99. Rf4 Rc2 100. Re4 Kf6 101. Rf4+ Ke6 102. Rf2 Rc3 1/2-1/2

[Event "Druzynowe Mistrzostw Polski Juniorow - II Liga"]
[Site "Wroclaw"]
[Date "1899-12-30"]
[Round "8.16"]
[White "Karaszewski, Gabriel"]
[Black "Krogulski, Maksymilian"]
[Result "1-0"]
[WhiteTitle "II"]
[BlackTitle "I"]
[WhiteElo "1560"]
[BlackElo "1584"]

1. d4 d5 2. c4 c6 3. Nf3 e6 4. Bg5 Nf6 5. e3 Bb4+ 6. Nbd2 O-O 7. Qc2 h6 8. Bh4
g5 9. Bg3 Ne4 10. O-O-O f5 11. Nxe4 fxe4 12. Ne5 Nd7 13. f3 Nf6 14. h4 Nh5 15.
Bf2 Qf6 16. hxg5 Qxg5 17. g4 Nf6 18. f4 Qg7 19. g5 hxg5 20. fxg5 Nh7 21. g6 Ng5
22. Bg3 Be7 23. Be2 Rf6 24. Bf4 Rf8 25. Rh5 Rf5 26. Bg4 Rxe5 27. Bxe5 Qxg6 28.
Rh8+ Kf7 29. Bh5 Nf3 30. Rh7+ Ke8 31. Bxg6+ Kd8 32. Rh8+ Kd7 33. Be8+ Kd8 34.
Bxc6+ Bf8 35. Rxf8+ Ke7 36. Re8+ Kf7 37. Qg2 Nxe5 38. dxe5 bxc6 39. Qg8# 1-0

[Event "Druzynowe Mistrzostw Polski Juniorow - II Liga"]
[Site "Wroclaw"]
[Date "1899-12-30"]
[Round "8.17"]
[White "Zybrant, Sandra"]
[Black "Szachniewicz, Weronika"]
[Result "1-0"]
[WhiteTitle "I"]
[BlackTitle "I"]
[WhiteElo "1354"]
[BlackElo "1305"]

1. Nf3 c5 2. b3 e6 3. c4 Nc6 4. Bb2 Nf6 5. Nc3 d5 6. cxd5 exd5 7. e3 Be6 8. d4
a6 9. Be2 Be7 10. O-O O-O 11. dxc5 Bxc5 12. Rc1 Qd6 13. Qd2 Rfd8 14. Na4 Ne4 15.
Qd1 Ba7 16. Nc3 Rac8 17. Bd3 Nxc3 18. Bxc3 d4 19. exd4 Bxd4 20. Nxd4 Nxd4 21.
Be4 Nc6 22. Qxd6 Rxd6 23. Rfd1 Rcd8 24. Bf3 Rxd1+ 25. Rxd1 Rxd1+ 26. Bxd1 Kf8
27. Kf1 f6 28. Ke2 Ke7 29. f3 Bf5 30. g4 Bg6 31. Ke3 Be8 32. h4 g6 33. Kf4 Bd7
34. Bc2 Ke6 35. b4 Kf7 36. Be4 Nd8 37. Bd5+ Be6 38. Ke4 f5+ 39. gxf5 gxf5+ 40.
Ke5 Bxd5 41. Kxd5 Kg6 42. Kd6 Kh5 43. Bf6 Nc6 44. a3 Kg6 45. Bc3 Kh5 46. Kc7 Kxh4
47. Kxb7 Kg3 48. Kxc6 h5 49. Bf6 Kxf3 50. a4 Kg4 51. b5 axb5 52. axb5 f4 53. b6
f3 54. Bd4 h4 55. b7 Kh3 56. b8=Q Kg2 57. Qb2+ Kf1 58. Qf2# 1-0

[Event "Druzynowe Mistrzostw Polski Juniorow - II Liga"]
[Site "Wroclaw"]
[Date "1899-12-30"]
[Round "8.18"]
[White "Miklosz, Malgorzata"]
[Black "Czarkowska, Dalia"]
[Result "1-0"]
[WhiteTitle "I"]
[BlackTitle "I"]
[WhiteElo "1255"]
[BlackElo "1085"]

1. e4 c6 2. c4 d5 3. exd5 cxd5 4. cxd5 Nf6 5. Bb5+ Nbd7 6. Nc3 g6 7. d4 Bg7 8.
d6 e6 9. Nf3 O-O 10. Bxd7 Qxd7 11. Bf4 Nh5 12. Be5 f6 13. Bg3 Nxg3 14. hxg3 Qxd6
15. Qd2 b6 16. Rd1 Bb7 17. Qe3 Rfe8 18. O-O Qc6 19. Rc1 f5 20. b3 Rad8 21. Rfd1
Bf6 22. Ne2 Qe4 23. Rc7 Re7 24. Qxe4 Bxe4 25. Rxe7 Bxe7 26. Rc1 Rd7 27. Rc8+ Kg7
28. Ne5 Bb7 29. Rc1 Ba6 30. Nxd7 Bxe2 31. Ne5 Kf6 32. Rc2 Bb5 33. Rc7 a6 34. Rb7
h6 35. f4 g5 36. Rxb6 gxf4 37. gxf4 Be8 38. Rb8 Bh5 39. Kf2 1-0

[Event "Druzynowe Mistrzostw Polski Juniorow - II Liga"]
[Site "Wroclaw"]
[Date "1899-12-30"]
[Round "8.19"]
[White "Paprocki, Antoni"]
[Black "Madajczak, Piotr"]
[Result "1-0"]
[WhiteTitle "I++"]
[BlackTitle "I+"]
[WhiteElo "1981"]
[BlackElo "1925"]

1. e4 c5 2. Nf3 Nc6 3. d4 cxd4 4. Nxd4 g6 5. c4 Bg7 6. Be3 Qb6 7. Nb5 Qa5+ 8. N1c3
Nf6 9. f3 d6 10. Be2 O-O 11. O-O Be6 12. Qd2 Rfc8 13. b3 a6 14. Nd4 Nxd4 15. Bxd4
b5 16. cxb5 axb5 17. Qe3 b4 18. Na4 Nd7 19. Rfc1 Bxd4 20. Qxd4 Nc5 21. Nb2 Nd7
22. Rxc8+ Rxc8 23. Nd3 Rc2 24. Kf1 Rxa2 25. Rc1 Bxb3 26. Rc8+ Nf8 27. Rxf8+ 1-0

[Event "Druzynowe Mistrzostw Polski Juniorow - II Liga"]
[Site "Wroclaw"]
[Date "1899-12-30"]
[Round "8.20"]
[White "Demski, Michal"]
[Black "Herka, Jakub"]
[Result "1-0"]
[WhiteTitle "I+"]
[BlackTitle "I"]
[WhiteElo "1737"]
[BlackElo "1433"]

1. e4 c6 2. d4 d5 3. exd5 cxd5 4. Bd3 Nc6 5. c3 Nf6 6. h3 g6 7. Nf3 Bf5 8. Bf4
Bxd3 9. Qxd3 Bg7 10. O-O O-O 11. Nbd2 Rc8 12. Ne5 Nd7 13. Nxd7 Qxd7 14. Rfe1 e6
15. a4 a6 16. Nb3 Qe7 17. a5 Rfe8 18. Qg3 f6 19. Rad1 Qf7 20. Bc1 e5 21. Be3 e4
22. h4 h6 23. Rf1 g5 24. hxg5 hxg5 25. f4 exf3 26. Qxf3 Qe6 27. Rde1 Qe4 28. Qg3
Qc2 29. Nc5 Nxa5 30. Nd7 Rc6 31. Bc1 Rce6 32. Rxe6 Rxe6 33. Qf3 Qe4 34. Qxe4 dxe4
35. Nc5 Re7 36. d5 Rc7 37. Nxe4 Rd7 38. d6 Nc4 39. Rxf6 Kh8 40. Re6 Be5 41. Nxg5
Bxd6 42. b3 Bc5+ 43. Kh2 Rd1 44. Bf4 Bg1+ 45. Kh3 Rd3+ 46. g3 Na5 47. Be5+ Kg8
48. Re8# 1-0

[Event "Druzynowe Mistrzostw Polski Juniorow - II Liga"]
[Site "Wroclaw"]
[Date "1899-12-30"]
[Round "8.21"]
[White "Pekala, Dawid"]
[Black "Grobelny, Mikolaj"]
[Result "1/2-1/2"]
[WhiteTitle "II"]
[BlackTitle "I"]
[WhiteElo "1458"]
[BlackElo "1504"]

1. e4 e5 2. Nf3 Nc6 3. Bb5 a6 4. Ba4 Nf6 5. O-O b5 6. Bb3 d6 7. h3 Be7 8. Re1 Bb7
9. c3 Na5 10. Bc2 c5 11. d4 Qc7 12. d5 Nd7 13. Nbd2 Nb6 14. Qe2 f5 15. exf5 Nxd5
16. Ne4 O-O-O 17. Nfg5 Bxg5 18. Bxg5 Rde8 19. Rac1 Qc6 20. f3 Nc4 21. Bd3 Ncb6
22. Kh1 h6 23. Bd2 Nf4 24. Bxf4 exf4 25. Qf2 Nd5 26. Qh4 c4 27. Bc2 Re5 28. Qg4
Qd7 29. f6 Qxg4 30. hxg4 gxf6 31. Nxd6+ Kc7 32. Nxb7 Kxb7 33. Be4 Rd8 34. Rcd1
Kc7 35. Bxd5 Rexd5 1/2-1/2

[Event "Druzynowe Mistrzostw Polski Juniorow - II Liga"]
[Site "Wroclaw"]
[Date "1899-12-30"]
[Round "8.22"]
[White "Stogiera, Aleksander"]
[Black "Rabenda, Piotr"]
[Result "0-1"]
[WhiteTitle "II"]
[BlackTitle "II"]
[WhiteElo "1092"]
[BlackElo "1322"]

1. e4 c5 2. Nf3 a6 3. d4 cxd4 4. Nxd4 Nf6 5. Nc3 e5 6. Nf3 Bb4 7. Bd2 d6 8. Bd3
Bg4 9. O-O O-O 10. h3 Bh5 11. a3 Bxc3 12. Bxc3 Nbd7 13. Re1 Qc7 14. Re3 Rfe8 15.
Be2 Nc5 16. Nd2 Bxe2 17. Qxe2 b5 18. Bb4 Ne6 19. Rc3 Qb6 20. Rd3 Red8 21. Nf3
Nf4 22. Qe3 Qxe3 23. Rxe3 a5 24. Be1 Nd7 25. Rd1 Nc5 26. g3 Nfe6 27. b4 axb4 28.
axb4 Na4 29. Bc3 Rac8 30. Rdd3 Rc6 31. Be1 Rxc2 32. Rd5 Nc7 33. Rdd3 f6 34. Rd2
Rc6 35. Rd1 Nb2 36. Rb1 Nc4 37. Rc3 Ne6 38. Rd1 Rdc8 39. Rdc1 Nd8 40. Kh1 Na3
41. Rxc6 Rxc6 42. Rd1 Nc2 43. Bd2 Ne6 44. Kg1 Ncd4 45. Nxd4 Nxd4 46. Kg2 Kf7 47.
f4 Rc2 48. Kf1 Ke7 49. Be3 Nc6 50. fxe5 fxe5 51. Bg5+ Ke6 52. Rd5 Rc4 53. Rxb5
Rxb4 54. Rxb4 Nxb4 55. Ke2 Na6 56. Be3 Nc5 57. Bxc5 dxc5 58. Kd3 Kd6 59. h4 h5
60. Kc3 Kc6 61. Kc4 g6 0-1

[Event "Druzynowe Mistrzostw Polski Juniorow - II Liga"]
[Site "Wroclaw"]
[Date "1899-12-30"]
[Round "8.23"]
[White "Pudelko, Magdalena"]
[Black "Krzyzosiak, Anna"]
[Result "1/2-1/2"]
[WhiteTitle "I++"]
[BlackTitle "I++"]
[WhiteElo "1461"]
[BlackElo "1496"]

1. e4 c5 2. Nf3 d6 3. c3 Nf6 4. Bd3 e6 5. Bc2 Be7 6. d4 cxd4 7. cxd4 Nc6 8. O-O
O-O 9. a3 b5 10. Qd3 a6 11. Bf4 Bb7 12. Bg5 g6 13. Nfd2 Nh5 14. Bh6 Re8 15. f4
Bf8 16. Bxf8 Rxf8 17. f5 exf5 18. exf5 Qh4 19. Nf3 Qg4 20. Bd1 Nf4 21. Qd2 Rfe8
22. Ne1 Ne2+ 23. Kh1 Qxd4 24. Nf3 Qxd2 25. Nbxd2 Ned4 26. fxg6 fxg6 27. Rc1 Rac8
28. h3 Rf8 29. Re1 Rce8 30. Rxe8 Rxe8 31. Kg1 Ne2+ 32. Bxe2 Rxe2 33. Kf1 Re7 34.
Kf2 Ne5 35. Nxe5 dxe5 36. Re1 Kg7 37. Nf3 Kf6 38. Ke3 Bxf3 39. Rf1 e4 40. gxf3
exf3+ 41. Kxf3 Re5 42. Rc1 h6 43. Rc6+ Re6 44. Rc5 Re5 45. Rc6+ Re6 46. Rc5 Re5
1/2-1/2